000 01166nam a2200301 i 4500
003 OSt
005 20230712114044.0
008 230712s2023 my gr 000 0 may
020 _a 9789678609937
_qpaperback
_cRM 30.00
040 _aPPAK
_beng
_cPPAK
_erda
082 0 4 _a297.1224045
_223
090 0 0 _a297.1224045
_bNOT
_dG
245 0 0 _aNota My #QuranTime :
_b...Baca, Faham, Amal : CARA MUDAH BERINTERAKSI DENGAN AL-QURAN.
_nJUZUK 10 /
_cYAYASAN WARISAN UMMAH IKHLAS.
264 1 _aShah Alam, Selangor :
_bGrup Buku Karangkraf Sdn. Bhd.,
_c2023
300 _a345 pages ;
_c24 cm
336 _atext
_2rdacontent
337 _aunmediated
_2rdamedia
338 _avolume
_2rdacarrier
500 _aContains verses from the Qur'an and quotes from the Hadith.
630 0 0 _aQur'an
_xReadings
630 0 0 _aQur'an
_xRecitation
630 0 0 _aQur'an
_xCriticism, interpretation, etc.
630 0 0 _aQur'an
_xTranslating
630 0 0 _aQur'an.
_pSurat al-Anfal
_xCriticism, interpretation, etc.
630 0 0 _aQur'an.
_pSurat al-Tawbah
_xCriticism, interpretation, etc.
710 2 _aYayasan Warisan Ummah Ikhlas,
_eissuing body.
942 _2ddc
_cB
999 _c192471
_d192471